Statystyki dla Wszystkie gminy w powiecie jarosławskim

Kliknij tutaj aby rozwiązać quiz!

Ogólne statystyki

  • Ten quiz został rozwiązany 11 razy
  • Średni wynik to 8 z 11

Statystyki odpowiedzi

% Poprawnych
miejskaJarosław
100%
wiejskaJarosław
100%
miejskaRadymno
75%
wiejskaRadymno
75%
wiejskaChłopice
63%
wiejskaLaszki
63%
wiejskaPawłosiów
63%
wiejskaRokietnica
63%
wiejskaWiązownica
63%
miejsko-wiejskaPruchnik
50%
wiejskaRoźwienica
50%

Rozkład punktacji

Percentyl według liczby udzielonych odpowiedzi

Procent ludzi z każdym wynikiem

Twoja historia wyników

Nie rozwiązałeś tego quizu